000 00901nam a2200229 a 4500
005 20210219160349.0
008 081020s1985 mx r 000 0 spa d
035 _aUPN01000163928
049 _aUNE
080 _a372.461/ .462 (81) =40 MEY.
100 1 _aMeyer, Mario Christian
245 1 0 _aApprentissage de la langue maternelle écrite :
_bétude sur des populations "les moins favorissées" dans une approche interdisciplinaire /
_cMario Christian Meyer.
260 _aParis :
_bUNESCO,
_c1985.
300 _a138 p. ;
_bil.
440 0 _aED. 85/WS/65
690 _aEnseñanza de la lengua materna- Escritura- Brasil
690 _aDesarrollo del lenguaje- Grupos desfavorecidos
690 _aBrasil- Enseñanza de la lengua materna
700 1 _aAjuriaguerra, Julian de
710 2 _aUNESCO. Division des structures, contenus, méthodes et techniques de l'éducation.
905 _aUNESCO
999 _c136041
_d136041